Diagnóstico del sistema de información interbancario para el área de crédito de las bancos comerciales del Estado.
Збережено в:
| Автор: | |
|---|---|
| Інші автори: | |
| Формат: | Книга |
| Опубліковано: |
[San José , Costa Rica]
1984
|
| Теги: |
Додати тег
Немає тегів, Будьте першим, хто поставить тег для цього запису!
|
MARC
| LEADER | 00000nam a2200000Ia 4500 | ||
|---|---|---|---|
| 003 | 001463 | ||
| 005 | 20240627145514.0 | ||
| 008 | 140114s1984 cr a m 000 ||s d | ||
| 040 | |c cru CEDI | ||
| 090 | |a TFG 1835 | ||
| 100 | |a Alfaro Campos, Carlos Luis |9 14156 | ||
| 245 | |a Diagnóstico del sistema de información interbancario para el área de crédito de las bancos comerciales del Estado. | ||
| 260 | |a [San José , Costa Rica] |c 1984 | ||
| 300 | |a 120[18] hojas :ilustraciones | ||
| 500 | |a Investigación dirigida. Universidad de Costa Rica. Facultad de Ingeniería. Escuela de Ingeniería Industrial | ||
| 501 | |a Director de Investigación Dirigida de Graduación: Ing. Roberto Barrantes B | ||
| 700 | |9 9051 |a Mora Rodríguez, German Gustavo | ||
| 942 | |c TFG |h TFG 1835 |i 001463 |6 TFG_1835_001463000000000 | ||
| 999 | |c 20909 |d 20909 | ||
